| 000 | 00750cam a22002294a 4500 | ||
|---|---|---|---|
| 020 | _a9780821369135 | ||
| 020 | _a082136913X | ||
| 020 | _a0821369148 (electronic) | ||
| 020 | _a9780804700016 (Stanford hardcover) | ||
| 040 | _cDLC | ||
| 082 | 0 | 0 | _a338 WOR 2007 A073 Or. |
| 245 | 0 | 0 |
_aInvestor protection and corporate governance : _bfirm-level evidence across Latin America / |
| 260 |
_aWashington, DC : _bWorld Bank, _c2007. |
||
| 300 |
_axxi, 557 p. : _bill. ; _c23 cm. |
||
| 490 | 0 | _aLatin American development forum | |
| 650 | 0 | _aCorporate governance. | |
| 650 | 0 | _aInvestments. | |
| 700 | 1 | _aChong, Alberto. | |
| 700 | 1 | _aLopez-de-Silanes, Florencio. | |
| 856 | 4 | 1 | _uhttp://www.loc.gov/catdir/toc/ecip0710/2007003700.html |
| 942 | _cEK | ||
| 999 |
_c15029 _d15029 |
||